| 000 | 00560nam a2200205 4500 | ||
|---|---|---|---|
| 999 |
_c6083 _d6083 |
||
| 003 | BD-JhCC | ||
| 005 | 20180101184102.0 | ||
| 008 | 180101s1955 enk||||| ||a| 00| 0 eng d | ||
| 035 | _a(BD-JhCC) | ||
| 040 |
_aBD-JhCC _dBD-JhCC |
||
| 041 | _aeng | ||
| 082 |
_a821.8 _bCHA 1955 |
||
| 100 | _aChambers, E. K. | ||
| 245 |
_aArnold Poetry & Prose : _bWith William Watson's Poem and Essays / _cE. K. Chambers |
||
| 260 |
_aGreat Britain : _bOxford A F the Clarendon Press, _c1955. |
||
| 300 | _a187 p. : | ||
| 650 | _aPoems | ||
| 942 |
_2ddc _cBK |
||